Bases para una teoría de la socialización /

El psicoanalista y sociólogo alemán Alfred Lorenzer (Ulm, 1922 – Perugia, 2002) propone cotejar dos teorías que parecen excluirse entre sí, cuando se analiza el desarrollo del niño como un proceso natural y al mismo tiempo como una historia social de su formación: el psicoanálisis y el materialismo...

Whakaahuatanga katoa

I tiakina i:
Ngā taipitopito rārangi puna kōrero
Kaituhi matua: Lorenzer, Alfred (autor)
Ētahi atu kaituhi: Piechocki, Cristóbal (traducción) (traducción)
Hōputu: Pukapuka
Reo:Pāniora
I whakaputaina: Buenos Aires, Argentina : Amorrortu, 1976, c1976
Rangatū:(Biblioteca de Psicología Amorrortu)
Ngā marau:
Ngā Tūtohu: Tāpirihia he Tūtohu
Kāore He Tūtohu, Me noho koe te mea tuatahi ki te tūtohu i tēnei pūkete!

MARC

LEADER 00000nam^a2200000^a^4500
001 000182882
005 20250521000000.0
009 20260310102020.992
037 |a Acervo ITESO - Biblioteca 
041 |a ESP 
082 |a 150. 195  |b LOR 
100 |a Lorenzer, Alfred  |e (autor) 
240 1 1 |a [Bases para una teoría de la socialización] 
245 1 0 |a Bases para una teoría de la socialización /  |c A. Lorenzer ; tr. por C. Piechocki. 
264 4 |a Buenos Aires, Argentina :  |b Amorrortu,  |c 1976, c1976 
300 |a 138 p. 
336 |a texto  |b txt  |2 rdacontenido 
337 |a sin mediación  |b n  |2 rdamedio 
338 |a volumen  |b nc  |2 rdasoporte 
440 1 |a (Biblioteca de Psicología Amorrortu) 
500 |a Traducción de: Zur Begründung einer materialistischen Sozialisationstheorie 
520 |a El psicoanalista y sociólogo alemán Alfred Lorenzer (Ulm, 1922 – Perugia, 2002) propone cotejar dos teorías que parecen excluirse entre sí, cuando se analiza el desarrollo del niño como un proceso natural y al mismo tiempo como una historia social de su formación: el psicoanálisis y el materialismo histórico. Mientras que para el psicoanálisis, las estructuras de la vivencia –acción, pensamiento, sentimiento, percepción- están determinadas pulsionalmente, el materialismo histórico las considera en su dependencia del proceso histórico, que consiste en el enfrentamiento del hombre con la naturaleza exterior, tal como se presenta en concreto, aquí y ahora, en el momento del análisis. 
590 |a Traducción de la 2a edición en alemán 
649 |a XX 
650 |a Niños -  |x Condiciones Psicológicas 
650 |a Niños -  |x Condiciones Sociales y Culturales 
650 |a Pulsiones 
650 |a Relaciones Padres-Hijos 
650 |a Interacción Comunicativa 
650 |a Comportamiento Social 
650 |a Interacción Social 
650 |a Socialización -  |x Teoría -  |x Tema Principal 
650 |a Naturaleza y Civilización -  |x Tema Principal 
650 |a Psicoanálisis y Marxismo -  |x Tema Principal 
650 |a Materialismo Histórico -  |x Historia y Crítica 
650 |a Marxismo -  |x Historia y Crítica 
650 |a Psicoanálisis Freudiano -  |x Historia y Crítica 
650 |a Psicoanálisis y Sociedad 
650 |a Psicología Evolutiva 
650 |a Psicología Social 
700 |a Piechocki, Cristóbal  |e (traducción) 
910 |a Fondo Armando Suárez Gómez 
920 |a Impresos - Libros 
930 |a Fondos Especiales 
905 |a 111 
901 |a 0700007272  |b IT2  |c ESP  |u 20250521 
902 |a https://opac.biblio.iteso.mx/vufind/Record/000182882